[Event "Titled Tuesday intern op 01st Aug Early"]
[Site "Chess.com INT"]
[Date "2023.08.01"]
[Round "2"]
[White "Siniauski, Artsiom"]
[Black "Kravtsiv, Martyn"]
[Result "0-1"]
[WhiteElo "2253"]
[BlackElo "2598"]
[PlyCount "116"]
[EventDate "2023.08.01"]
[EventType "swiss (blitz)"]
[EventRounds "11"]
[EventCountry "USA"]
[SourceTitle "EXT 2024"]
[Source "ChessBase"]
[SourceDate "2023.10.10"]
[SourceVersion "1"]
[SourceVersionDate "2023.10.10"]
[SourceQuality "1"]

1. e4 e5 2. Nf3 Nc6 3. Bb5 a6 4. Ba4 Nf6 5. Bxc6 dxc6 6. d3 Nd7 7. b3 Bd6 8. Bb2 0-0 9. Nbd2 f6 10. Nc4 Nc5 11. 0-0 Bg4 12. Ne3 Bh5 13. Nf5 Ne6 14. Ng3 Bf7 15. d4 exd4 16. Nxd4 Nxd4 17. Qxd4 Bf4 18. Rad1 Qxd4 19. Bxd4 Rfd8 20. Nf5 Be6 21. Be3 Be5 22. Ng3 b6 23. Ne2 c5 24. h3 a5 25. f4 Bd6 26. Kf2 a4 27. Kf3 Bf7 28. Nc3 axb3 29. axb3 c4 30. Nd5 cxb3 31. cxb3 h6 32. Rd3 Bf8 33. Rfd1 Bxd5 34. Rxd5 Rxd5 35. Rxd5 Ra3 36. Rd3 Bd6 37. Bd4 Kf7 38. e5 fxe5 39. fxe5 Be7 40. Ke4 Ke6 41. Be3 c5 42. g4 Ra2 43. Rd2 Ra1 44. Rf2 Rb1 45. Rf3 Rxb3 46. Rf5 Rb4+ 47. Kf3 Rb3 48. Ke4 b5 49. Rf3 Rb4+ 50. Kd3 c4+ 51. Ke4 c3+ 52. Kd3 Rc4 53. Kc2 b4 54. Bf4 Re4 55. Bg3 Re2+ 56. Kb3 Rb2+ 57. Kc4 c2 58. Bf4 Rb1 0-1

[Event "Titled Tuesday intern op 11th Jul Early"]
[Site "Chess.com INT"]
[Date "2023.07.11"]
[Round "8"]
[White "Korol, Dimitry"]
[Black "Siniauski, Artsiom"]
[Result "0-1"]
[WhiteElo "2287"]
[BlackElo "2253"]
[PlyCount "74"]
[EventDate "2023.07.11"]
[EventType "swiss (blitz)"]
[EventRounds "11"]
[EventCountry "USA"]
[SourceTitle "EXT 2024"]
[Source "ChessBase"]
[SourceDate "2023.10.10"]
[SourceVersion "1"]
[SourceVersionDate "2023.10.10"]
[SourceQuality "1"]

1. d4 Nf6 2. c4 d6 3. Nc3 e5 4. Nf3 Nc6 5. d5 Ne7 6. e4 g6 7. Be2 Bg7 8. 0-0 0-0 9. Kh1 h5 10. a4 a5 11. Ne1 Nh7 12. Nd3 f5 13. f3 b6 14. Bd2 f4 15. b4 axb4 16. Nb5 g5 17. Bxb4 Ng6 18. a5 Ra6 19. axb6 Rxb6 20. Nf2 g4 21. fxg4 hxg4 22. Bxg4 Nf6 23. Bxc8 Qxc8 24. Ra7 Rb7 25. Qa4 Nh4 26. Rxb7 Qxb7 27. Qa7 Qxa7 28. Nxa7 Ra8 29. Nb5 Ne8 30. Nd3 Ra2 31. c5 Bf8 32. cxd6 cxd6 33. Rg1 Kf7 34. h3 Re2 35. Be1 Ng6 36. Nf2 Be7 37. Na7 Bh4 0-1

[Event "Titled Tuesday intern op 11th Jul Early"]
[Site "Chess.com INT"]
[Date "2023.07.11"]
[Round "6"]
[White "Siniauski, Artsiom"]
[Black "Gunina, Valentina"]
[Result "1-0"]
[WhiteElo "2253"]
[BlackElo "2457"]
[PlyCount "89"]
[EventDate "2023.07.11"]
[EventType "swiss (blitz)"]
[EventRounds "11"]
[EventCountry "USA"]
[SourceTitle "EXT 2024"]
[Source "ChessBase"]
[SourceDate "2023.10.10"]
[SourceVersion "1"]
[SourceVersionDate "2023.10.10"]
[SourceQuality "1"]

1. e4 c6 2. d4 d5 3. e5 c5 4. Nf3 Nc6 5. c4 cxd4 6. Nxd4 e6 7. Nc3 Bc5 8. Nxc6 bxc6 9. cxd5 exd5 10. Bd3 Ne7 11. 0-0 Bf5 12. Bg5 Bxd3 13. Qxd3 h6 14. Bh4 Qd7 15. Rac1 Bb6 16. Na4 0-0 17. Nc5 Bxc5 18. Rxc5 Nf5 19. Bg3 Rfe8 20. f4 a5 21. Bf2 Reb8 22. b3 a4 23. Rfc1 axb3 24. axb3 Ra3 25. Rxc6 Raxb3 26. Qa6 d4 27. Rc8+ Rxc8 28. Qxc8+ Qxc8 29. Rxc8+ Kh7 30. g4 d3 31. Rd8 Ne7 32. Kg2 Nc6 33. Rd6 Nb4 34. f5 Rb2 35. Kf3 Re2 36. Bg3 Rd2 37. Be1 Rb2 38. Bxb4 Rxb4 39. Rxd3 h5 40. h3 Kh6 41. e6 fxe6 42. fxe6 hxg4+ 43. hxg4 Kg5 44. e7 Rf4+ 45. Ke2 1-0

[Event "Titled Tuesday intern op 11th Jul Late"]
[Site "Chess.com INT"]
[Date "2023.07.11"]
[Round "4"]
[White "Xu, Gordon"]
[Black "Siniauski, Artsiom"]
[Result "0-1"]
[WhiteElo "1953"]
[BlackElo "2253"]
[PlyCount "60"]
[EventDate "2023.07.11"]
[EventType "swiss (blitz)"]
[EventRounds "11"]
[EventCountry "USA"]
[SourceTitle "EXT 2024"]
[Source "ChessBase"]
[SourceDate "2023.10.10"]
[SourceVersion "1"]
[SourceVersionDate "2023.10.10"]
[SourceQuality "1"]

1. e4 d6 2. d4 Nf6 3. Nc3 Nbd7 4. Be3 e5 5. Nf3 c6 6. Bc4 Be7 7. 0-0 Qc7 8. Qd2 h6 9. Rad1 b5 10. Bxb5 cxb5 11. Nxb5 Qc6 12. dxe5 dxe5 13. Qa5 0-0 14. Nxa7 Qxc2 15. Nxe5 Qxe4 16. Nec6 Bb7 17. Nxe7+ Qxe7 18. Qc7 Qe4 19. Qg3 Qe5 20. f4 Qxb2 21. Rd2 Qa3 22. Rfd1 Rxa7 23. Bxa7 Qxa7+ 24. Rf2 Ne4 25. Qf3 Nxf2 26. Qxf2 Qxf2+ 27. Kxf2 Nf6 28. Rb1 Bd5 29. a4 Ra8 30. Rb4 Bc6 0-1

[Event "Titled Tuesday intern op 13th Jun Late"]
[Site "Chess.com INT"]
[Date "2023.06.13"]
[Round "3"]
[White "Henriquez Villagra, Cristobal"]
[Black "Siniauski, Artsiom"]
[Result "0-1"]
[WhiteElo "2618"]
[BlackElo "2253"]
[PlyCount "150"]
[EventDate "2023.06.13"]
[EventType "swiss (blitz)"]
[EventRounds "11"]
[EventCountry "USA"]
[SourceTitle "EXT 2024"]
[Source "ChessBase"]
[SourceDate "2023.10.10"]
[SourceVersion "1"]
[SourceVersionDate "2023.10.10"]
[SourceQuality "1"]

1. e4 e6 2. d4 d5 3. e5 c5 4. c3 Qb6 5. Nf3 Bd7 6. Be2 Bb5 7. dxc5 Bxc5 8. 0-0 Bxe2 9. Qxe2 Qa6 10. Qd1 Nd7 11. a4 Ne7 12. b4 Bb6 13. Ba3 Bc7 14. b5 Qb6 15. c4 Nxe5 16. Re1 Nxc4 17. Bxe7 Kxe7 18. Qxd5 Ne5 19. Qe4 Nxf3+ 20. Qxf3 Rhd8 21. Nc3 Kf8 22. Ne4 a6 23. Ng5 Rd7 24. Nxe6+ Kg8 25. Nxc7 Qxc7 26. Rab1 axb5 27. axb5 h6 28. b6 Qd6 29. g3 Rad8 30. Kg2 g6 31. Re4 Kg7 32. Qc3+ Qf6 33. Qe3 h5 34. h4 Rd2 35. Rf4 Qc6+ 36. Qf3 Qxf3+ 37. Rxf3 R8d6 38. Rb4 Rc2 39. Rbf4 Rd7 40. Rb4 Rc6 41. Kf1 Rdd6 42. Rfb3 Kf6 43. Ke2 Ke7 44. Ke3 Kd7 45. Kf4 Rd5 46. f3 Rf5+ 47. Ke4 Re6+ 48. Kd4 Rd6+ 49. Ke3 Rc5 50. g4 Kc6 51. Kf4 Rf6+ 52. Kg3 hxg4 53. fxg4 Rd5 54. Rc3+ Rc5 55. Rcb3 Re6 56. Rf4 f6 57. Rbf3 Kxb6 58. Rxf6 Rcc6 59. Rxe6 Rxe6 60. Kf4 Rf6+ 61. Kg3 Re6 62. g5 Kc5 63. Rf6 Kd5 64. Kf4 Rxf6+ 65. gxf6 Ke6 66. Kg5 Kf7 67. h5 gxh5 68. Kxh5 Kxf6 69. Kg4 Ke5 70. Kf3 Kd4 71. Ke2 Kc3 72. Kd1 b5 73. Kc1 b4 74. Kb1 Kb3 75. Ka1 Kc2 0-1